000 00931nam a22002417a 4500
999 _c16410
_d16410
003 AR-CdUCM
008 190503b ||||| |||| 00| 0 esp d
040 _aMUNICIPALIDAD PROVINCIAL DEL CUSCO
_cBIBLIOTECA MUNICIPAL DEL CUSCO
082 _a863.609 /
_bN82
100 _aNora, Eugenio G. de
_935612
245 _aLa Novela Española Contemporánea :
_b(1927-1960)
260 _aMadrid :
_bGredos,
_c1962.
300 _a514 páginas ;
_c20 cm.
440 _aBiblioteca Romántica Hispánica.
_935840
505 _aWenceslao Fernández Flórez -- Aspectos de la novela intelectual -- Ramón Gómez de la Serna -- El relato literario de Benjamín Jarnés -- Tentativas de novela intelectualista, lírica y deshumanizada ...
650 _aNovela española
_9192
650 _aHistoria y critica
_95993
650 _aSiglo XX
_98
650 _aLiteratos
_9754
942 _2ddc
_cLIBROS
945 _aacrt
_d2019-05-03